[Event "N4 Troyes / Blagny"]
[Site "?"]
[Date "2012.11.18"]
[Round "2.4"]
[White "Giorgetti, Cyril"]
[Black "Catherine, Bertrand"]
[Result "1/2-1/2"]
[WhiteElo "1931"]
[BlackElo "1855"]
[PlyCount "82"]
[EventDate "2012.11.19"]
[SourceDate "2012.11.19"]

1. e4 c5 2. Nf3 Nc6 3. d4 cxd4 4. Nxd4 e5 5. Nb3 Nf6 6. Bg5 h6 7. Bxf6 Qxf6 8.
N1d2 Be7 9. Bc4 O-O 10. O-O d6 11. Qe2 Qf4 12. Rad1 Be6 13. c3 Rad8 14. Bd5
Bxd5 15. exd5 Nb8 16. g3 Qa4 17. a3 f5 18. f4 Bf6 19. Qh5 e4 20. Na1 Rde8 21.
Qe2 Nd7 22. Ndb3 Nc5 23. Nxc5 dxc5 24. Nc2 Kh7 25. Ne3 g6 26. Qc4 Qxc4 27. Nxc4
b5 28. Ne3 b4 29. axb4 cxb4 30. cxb4 Bxb2 31. Rf2 Bc3 32. b5 Rc8 33. Ra2 Rf7
34. Kf2 Rc5 35. d6 Rd7 36. Rc2 Bb4 37. Rxc5 Bxc5 38. Rd5 Bxd6 39. Ke2 Rd8 40.
g4 fxg4 41. Nxg4 Bc7 1/2-1/2

[Event "N4 Troyes / Blagny"]
[Site "?"]
[Date "2012.11.19"]
[Round "2.5"]
[White "Moine, Patrick"]
[Black "Baret, Benoit"]
[Result "1-0"]
[WhiteElo "1849"]
[BlackElo "1800"]
[Annotator ",Microsoft"]
[PlyCount "89"]
[EventDate "2012.11.19"]
[SourceDate "2012.11.19"]

1. d4 Nf6 2. c4 g6 3. Nc3 d5 4. Nf3 Bg7 5. Bg5 Be6 (5... Ne4) 6. Bxf6 Bxf6 7.
cxd5 Bxd5 8. e3 O-O 9. Be2 Be6 10. O-O Nd7 11. Qc2 Rc8 12. Rad1 c6 13. h3 Qa5
14. a3 Rfd8 15. Rd2 Nb6 16. e4 Rd7 17. Rfd1 Rcd8 18. e5 Bg7 19. Ne4 Bf5 20. Bd3
Bh6 21. Re2 Nd5 22. Ree1 Rc7 23. Nc5 Bxd3 24. Nxd3 Nf4 25. Nxf4 Bxf4 26. Re4
Bh6 27. Rh4 Bg7 28. Rg4 Rd5 29. h4 h5 30. Rg3 Bh6 31. Ng5 Bxg5 32. Rxg5 e6 33.
Rg3 Kf8 34. Rf3 Ke8 35. Qe4 Rcd7 36. g4 Qa4 37. Rfd3 hxg4 38. Qxg4 c5 39. b4
cxb4 40. Qg5 bxa3 41. Rc1 a2 42. Rdd1 Rxd4 43. Rc8+ Rd8 44. Rxd8+ Rxd8 45.
Rxd8# 1-0

[Event "N4 Troyes / Blagny"]
[Site "?"]
[Date "2012.11.18"]
[Round "2.7"]
[White "Brun, Franck"]
[Black "Fourcart, Corinne"]
[Result "1-0"]
[WhiteElo "1751"]
[BlackElo "1499"]
[PlyCount "49"]
[EventDate "2012.11.19"]
[SourceDate "2012.11.19"]

1. e4 g6 2. Nf3 Bg7 3. d4 d6 4. Nc3 c6 5. Bd3 Qa5 6. Bd2 Bg4 7. O-O c5 8. dxc5
dxc5 9. h3 Be6 10. Ng5 Bh6 11. Nxe6 fxe6 12. f4 Nf6 13. Qf3 O-O 14. e5 Nh5 15.
Qxb7 Na6 16. Qxe7 Qd8 17. Qxe6+ Rf7 18. Nd5 Qe8 19. Qxe8+ Rxe8 20. Bxa6 Re6 21.
Bc4 g5 22. fxg5 Bxg5 23. Bxg5 Rxe5 24. Rxf7 Kxf7 25. Rf1+ 1-0

[Event "La francheville/ Chaumont"]
[Site "?"]
[Date "2012.11.18"]
[Round "2"]
[White "Cedric, Carre"]
[Black "Masera, Michel"]
[Result "1-0"]
[WhiteElo "2066"]
[BlackElo "1816"]
[PlyCount "69"]
[EventDate "2012.11.23"]
[SourceDate "2012.11.24"]

1. e4 c5 2. c3 Nf6 3. e5 Nd5 4. Nf3 Nc6 5. Bc4 Nb6 6. Bb3 c4 7. Bc2 Qc7 8. Qe2
d5 9. exd6 Qxd6 10. Na3 Qe6 11. Nb5 Qxe2+ 12. Kxe2 Nd5 13. Be4 a6 14. Bxd5 axb5
15. d4 e6 16. Be4 f5 17. Bxc6+ bxc6 18. Bf4 Be7 19. Be5 O-O 20. h4 c5 21. a3
Bb7 22. Rad1 Bxf3+ 23. Kxf3 cxd4 24. Bxd4 Ra6 25. Be5 Rd8 26. h5 Raa8 27. Bc7
Rd5 28. Rxd5 exd5 29. Kf4 g6 30. hxg6 hxg6 31. Ke5 Rc8 32. Bb6 Rc6 33. Bd4 Rd6
34. Bc5 Rd7 35. Ke6 1-0

[Event "La francheville/ Chaumont"]
[Site "?"]
[Date "2012.11.18"]
[Round "2"]
[White "Da Costa, Manuel"]
[Black "Belloy, Nicolas"]
[Result "1-0"]
[WhiteElo "1886"]
[BlackElo "1955"]
[PlyCount "87"]
[EventDate "2012.11.23"]
[SourceDate "2012.11.24"]

1. e4 c5 2. Nf3 e6 3. c4 d5 4. exd5 exd5 5. d4 Nf6 6. Be2 Nc6 7. cxd5 Nxd5 8.
O-O Bf5 9. a3 Be7 10. Bb5 O-O 11. Bxc6 bxc6 12. dxc5 Bxc5 13. b4 Qf6 14. Ra2
Bd6 15. Bb2 Qh6 16. Bd4 Bg4 17. g3 Qh5 18. Nbd2 a5 19. b5 cxb5 20. Qb3 Nc7 21.
Rc2 Ne6 22. Ba1 b4 23. Rc6 Rfd8 24. Re1 a4 25. Qb2 Bf8 26. Ne5 bxa3 27. Qc3 Nd4
28. Nxg4 Qxg4 29. f3 Qd7 30. Rc4 Ne6 31. Ne4 Rac8 32. Rxc8 Rxc8 33. Qe5 Qc7 34.
Qh5 Qb6+ 35. Kg2 Rc2+ 36. Kh3 Qc7 37. Qg4 Qe7 38. Bf6 Qb4 39. Rd1 Rc4 40. Rd7
Rc7 41. Rxc7 Qb5 42. Bxg7 Nxg7 43. Nf6+ Kh8 44. Rc8 1-0

[Event "La francheville/ Chaumont"]
[Site "?"]
[Date "2012.11.18"]
[Round "2"]
[White "Regnier, Cedric"]
[Black "Parisot, Anthony"]
[Result "1/2-1/2"]
[WhiteElo "1701"]
[BlackElo "1763"]
[PlyCount "81"]
[EventDate "2012.11.23"]
[SourceDate "2012.11.24"]

1. d4 d5 2. c4 e6 3. Nc3 c6 4. e3 Nf6 5. Nf3 Nbd7 6. c5 Be7 7. Bd3 Qc7 8. O-O
e5 9. dxe5 Nxe5 10. b4 a5 11. b5 Bxc5 12. Na4 Bd6 13. h3 Nxf3+ 14. Qxf3 Be5 15.
Bb2 Bxb2 16. Nxb2 O-O 17. bxc6 bxc6 18. Na4 Ba6 19. Bxa6 Rxa6 20. Rab1 c5 21.
Nc3 d4 22. Nb5 Qe5 23. exd4 cxd4 24. Rfe1 Qc5 25. Rec1 Qe5 26. Re1 Qc5 27. Rec1
Qe5 28. Re1 Qd5 29. Qxd5 Nxd5 30. Nxd4 Nc3 31. Rb2 Rd6 32. Nb5 Rb6 33. a4 Nxa4
34. Ra2 Rxb5 35. Rxa4 f5 36. Re7 Rf7 37. Re8+ Rf8 38. Re7 Rf7 39. Re8+ Rf8 40.
Re7 Rf7 41. Kh2 1/2-1/2

[Event "La francheville/ Chaumont"]
[Site "?"]
[Date "2012.11.18"]
[Round "2"]
[White "Voguet, francois"]
[Black "Brodier, Thierry"]
[Result "1/2-1/2"]
[WhiteElo "1711"]
[BlackElo "1674"]
[PlyCount "108"]
[EventDate "2012.11.23"]
[SourceDate "2012.11.24"]

1. Nf3 d5 2. d4 Nf6 3. e3 Bf5 4. c4 c6 5. Nc3 e6 6. Be2 Nbd7 7. Nh4 Be4 8. Nxe4
Nxe4 9. Nf3 Bb4+ 10. Nd2 Ndf6 11. O-O O-O 12. Nxe4 Nxe4 13. a3 Be7 14. Bd3 f5
15. c5 Qc7 16. Qc2 Rae8 17. b4 a6 18. f3 Nf6 19. Bd2 h6 20. Rae1 Bd8 21. h3 Qg3
22. Bc3 Bc7 23. f4 Ne4 24. Rf3 Qh4 25. Ref1 Nxc3 26. Qxc3 g5 27. Qe1 Qxe1 28.
Rxe1 Bd8 29. g4 fxg4 30. hxg4 Bc7 31. Ref1 gxf4 32. exf4 Re7 33. Kg2 Rg7 34.
Kh3 Rgf7 35. f5 e5 36. dxe5 Bxe5 37. Kh4 Bf6+ 38. Kh5 Bg5 39. Re1 Kg7 40. Re6
Rf6 41. Rf1 Rxe6 42. fxe6 Rxf1 43. Bxf1 Kf6 44. Bd3 Kxe6 45. Bf5+ Ke5 46. Bc8
Bc1 47. a4 Ba3 48. Kxh6 Bxb4 49. Bxb7 Bxc5 50. Bxc6 d4 51. g5 Be7 52. g6 Bf6
53. a5 Kd6 54. Bb7 Kc5 1/2-1/2

[Event "La francheville/ Chaumont"]
[Site "?"]
[Date "2012.11.18"]
[Round "2"]
[White "Cauvin, Alain"]
[Black "Aribi, El Yazid"]
[Result "1-0"]
[WhiteElo "1651"]
[BlackElo "1640"]
[PlyCount "91"]
[EventDate "2012.11.23"]
[SourceDate "2012.11.24"]

1. e4 e5 2. Nf3 Nc6 3. d4 exd4 4. Bc4 Bc5 5. Ng5 Ne5 6. Bb3 h6 7. Nxf7 Nxf7 8.
Bxf7+ Kxf7 9. Qh5+ g6 10. Qxc5 d6 11. Qxd4 Nf6 12. Nc3 Qe7 13. O-O Bd7 14. Bf4
g5 15. Bg3 Bc6 16. e5 dxe5 17. Qxe5 Qxe5 18. Bxe5 Rac8 19. Rfe1 Rhe8 20. h3 Re7
21. Bg3 Rce8 22. f3 Nh5 23. Bf2 Nf4 24. Rxe7+ Rxe7 25. Re1 a6 26. Rxe7+ Kxe7
27. Bd4 h5 28. Be5 Ne6 29. Kf2 Kf7 30. Ke3 Kg6 31. g3 b5 32. b4 Bb7 33. Ne2 c6
34. f4 c5 35. a3 Kf5 36. bxc5 Nxc5 37. Nd4+ Kg6 38. f5+ Kf7 39. h4 g4 40. Kf4
Ne4 41. Ne6 Bd5 42. Ng7 Nf6 43. Bxf6 Kxf6 44. Nxh5+ Kf7 45. Kxg4 a5 46. c3 1-0

[Event "La francheville/ Chaumont"]
[Site "?"]
[Date "2012.11.18"]
[Round "2"]
[White "Louot, Catherine"]
[Black "Wille, Frederic"]
[Result "1-0"]
[WhiteElo "1519"]
[BlackElo "1614"]
[PlyCount "95"]
[EventDate "2012.11.23"]
[SourceDate "2012.11.24"]

1. e4 c6 2. d4 d5 3. exd5 cxd5 4. Nf3 Bg4 5. Be2 e6 6. Nbd2 Nf6 7. O-O Bd6 8.
c3 O-O 9. Re1 Nc6 10. h3 Bh5 11. Qc2 Rc8 12. Bd3 Nb4 13. Qb1 Nxd3 14. Qxd3 Bg6
15. Qe2 h6 16. Nb3 Qc7 17. Ne5 Bh7 18. Qe3 Ne4 19. f3 Nf6 20. Qf2 Nd7 21. Qg3
Kh8 22. f4 Nf6 23. Be3 Ne4 24. Qh4 f6 25. Ng4 Rce8 26. Nd2 Bxf4 27. Bxf4 Qxf4
28. Nxe4 Bxe4 29. Qf2 Qd6 30. c4 Qc7 31. c5 e5 32. dxe5 fxe5 33. Qe3 Qc6 34. b4
d4 35. Qxe4 Qa4 36. Nxe5 Qxb4 37. Ng6+ Kg8 38. Qd5+ Kh7 39. Nxf8+ Rxf8 40. Rab1
Qd2 41. Rf1 Rxf1+ 42. Rxf1 Qe3+ 43. Kh1 d3 44. Qh5 Kh8 45. Qg6 Qxc5 46. Qxd3 b5
47. Qg6 a5 48. Rf7 1-0

[Event "chaumont/ La Tour du Roi"]
[Site "?"]
[Date "2013.01.13"]
[Round "4"]
[White "Picard, Serge"]
[Black "Pytel, Krysztof"]
[Result "1-0"]
[WhiteElo "2104"]
[BlackElo "2317"]
[PlyCount "55"]
[EventDate "2013.01.13"]
[SourceDate "2013.01.13"]

1. e4 c5 2. Nf3 g6 3. Bc4 Bg7 4. O-O e6 5. Nc3 Ne7 6. d4 cxd4 7. Nxd4 a6 8. a4
O-O 9. Be3 d5 10. exd5 exd5 11. Bb3 Nbc6 12. Nxc6 bxc6 13. Bd4 Bxd4 14. Qxd4
Nf5 15. Qc5 Qf6 16. a5 Rb8 17. Rfe1 Nd4 18. Ra3 Bf5 19. Bxd5 Nxc2 20. Bxc6 Nxe1
21. Nd5 Qg7 22. Ne7+ Kh8 23. Nxf5 gxf5 24. Rg3 Qf6 25. Bd7 Rg8 26. Bxf5 Rxg3
27. hxg3 Rxb2 28. Qf8# 1-0

[Event "chaumont/ La Tour du Roi"]
[Site "?"]
[Date "2013.01.13"]
[Round "4"]
[White "Halfaoui, Eddine"]
[Black "Masera, Michel"]
[Result "0-1"]
[WhiteElo "1898"]
[BlackElo "1818"]
[PlyCount "74"]
[EventDate "2013.01.13"]
[SourceDate "2013.01.13"]

1. e4 c5 2. Nf3 Nc6 3. d4 cxd4 4. Nxd4 Nf6 5. Nc3 e5 6. Ndb5 d6 7. Nd5 Nxd5 8.
exd5 Nb8 9. c4 Be7 10. Bd3 O-O 11. O-O a6 12. Nc3 f5 13. f3 Nd7 14. Be3 Bg5 15.
Bf2 b6 16. b4 Bb7 17. a4 Rb8 18. a5 bxa5 19. Rxa5 Nc5 20. Na4 Nxd3 21. Qxd3 Bc8
22. Ba7 Rxb4 23. Nb6 Rxb6 24. c5 Rb2 25. Qc3 Bd2 26. Qxb2 Be3+ 27. Kh1 Qxa5 28.
Bb6 Qb5 29. Qxb5 axb5 30. Rb1 Bxc5 31. Bxc5 dxc5 32. Rxb5 c4 33. Kg1 Bd7 34.
Rb7 Rc8 35. Kf2 c3 36. Rb1 c2 37. Rc1 Ba4 0-1

[Event "chaumont/ La Tour du Roi"]
[Site "?"]
[Date "2013.01.13"]
[Round "4"]
[White "Da Costa, Manuel"]
[Black "Pytel, Bozena"]
[Result "0-1"]
[WhiteElo "1936"]
[BlackElo "1886"]
[PlyCount "74"]
[EventDate "2013.01.13"]
[SourceDate "2013.01.13"]

1. e4 e5 2. Nf3 Nc6 3. d4 exd4 4. Bc4 Nf6 5. O-O d6 6. Nxd4 Ne5 7. Bd3 Be7 8.
Nc3 O-O 9. f4 Nxd3 10. cxd3 c5 11. Nf3 a6 12. f5 b5 13. Qb3 Qb6 14. Kh1 Rb8 15.
Bg5 Bb7 16. Bxf6 Bxf6 17. Nd5 Bxd5 18. Qxd5 Bxb2 19. Rae1 Rbe8 20. g4 Kh8 21.
Ng5 Qc7 22. f6 Re5 23. fxg7+ Kxg7 24. Qb3 Rxg5 25. Qxb2+ f6 26. Qe2 Qd7 27. Rf5
Qe6 28. h4 Rg6 29. Ref1 h6 30. R1f2 Rf7 31. g5 hxg5 32. hxg5 Rxg5 33. Qb2 Kg6
34. Rg2 Rh7+ 35. Kg1 Rhh5 36. Qf2 Rxg2+ 37. Qxg2+ Rg5 0-1

[Event "chaumont/ La Tour du Roi"]
[Site "?"]
[Date "2013.01.13"]
[Round "4"]
[White "Louis, André"]
[Black "Kerlau, Gildas"]
[Result "1/2-1/2"]
[WhiteElo "1702"]
[BlackElo "1805"]
[PlyCount "119"]
[EventDate "2013.01.13"]
[SourceDate "2013.01.13"]

1. e4 d6 2. d4 Nf6 3. Nc3 g6 4. f4 Bg7 5. Nf3 c5 6. dxc5 Qa5 7. Bb5+ Bd7 8.
Bxd7+ Nbxd7 9. O-O Qxc5+ 10. Qd4 Qxd4+ 11. Nxd4 Nxe4 12. Ncb5 O-O 13. c3 a6 14.
Nc7 Rac8 15. Nd5 Rfe8 16. Re1 e6 17. Rxe4 exd5 18. Rxe8+ Rxe8 19. Kf2 Nc5 20.
Kf3 Re1 21. Nc2 Rh1 22. h3 Nd3 23. Ke2 Nxc1+ 24. Kd2 Nb3+ 25. axb3 Rxa1 26.
Nxa1 d4 27. Kd3 dxc3 28. bxc3 b6 29. Nc2 a5 30. c4 Bb2 31. Ke4 Bc1 32. g3 g5
33. fxg5 Bxg5 34. Kd5 Kf8 35. Kxd6 Be7+ 36. Kc6 Bc5 37. g4 Ke7 38. Ne1 Ke6 39.
Nd3 Be3 40. h4 f5 41. gxf5+ Kxf5 42. Kd5 Kg4 43. Ke4 Bg1 44. Ne1 Bf2 45. Nd3
Bxh4 46. c5 bxc5 47. Nxc5 Bf2 48. Nd3 Bb6 49. Ne5+ Kg3 50. Nc4 Bd8 51. Ne5 Be7
52. Nc4 Bb4 53. Ne3 h5 54. Nf5+ Kg4 55. Ne3+ Kg5 56. Kf3 h4 57. Kg2 Kf4 58. Nc4
Ke4 59. Kh3 Be1 60. Nxa5 1/2-1/2

[Event "chaumont/ La Tour du Roi"]
[Site "?"]
[Date "2013.01.13"]
[Round "4"]
[White "Parisot, Anthony"]
[Black "Shaverdashvili, Irakli"]
[Result "1-0"]
[WhiteElo "1763"]
[BlackElo "1660"]
[PlyCount "81"]
[EventDate "2013.01.13"]
[SourceDate "2013.01.13"]

1. Nf3 Nc6 2. d4 d5 3. c4 e6 4. Nc3 Nf6 5. Bg5 Be7 6. e3 O-O 7. Qc2 b6 8. a3
Bb7 9. Bxf6 Bxf6 10. cxd5 exd5 11. Bd3 h6 12. O-O Ne7 13. b4 a6 14. Rfc1 b5 15.
Nb1 Rc8 16. Nbd2 Kh8 17. Nb3 c6 18. Nfd2 Rc7 19. Nc5 Bc8 20. a4 Qd6 21. Qc3 Bh4
22. Nf3 Bf6 23. h3 Re8 24. Nb3 Bf5 25. Be2 Kg8 26. axb5 axb5 27. Qc5 Qxc5 28.
Rxc5 Rb8 29. Rac1 Bd7 30. Na5 Rbc8 31. Bxb5 Rb8 32. Nxc6 Nxc6 33. Bxc6 Bxc6 34.
Rxc6 Rxc6 35. Rxc6 Rxb4 36. Rc5 Rb1+ 37. Kh2 Rb2 38. Kg3 Kf8 39. Rxd5 Ke7 40.
Ra5 Ke6 41. Ra6+ 1-0

[Event "chaumont/ La Tour du Roi"]
[Site "?"]
[Date "2013.01.13"]
[Round "4"]
[White "Fauchart, Francois"]
[Black "Aribi, El Yazid"]
[Result "1-0"]
[WhiteElo "1621"]
[BlackElo "1640"]
[PlyCount "131"]
[EventDate "2013.01.13"]
[SourceDate "2013.01.13"]

1. d4 d5 2. Nf3 Nf6 3. Bf4 c6 4. e3 e6 5. c3 Bd6 6. Ne5 Nbd7 7. Nxf7 Kxf7 8.
Bxd6 Nb6 9. Bg3 Rf8 10. Nd2 Kg8 11. Bd3 Qe7 12. O-O Nbd7 13. e4 dxe4 14. Bxe4
Nb6 15. Bd3 Re8 16. Re1 Kh8 17. a4 Bd7 18. c4 Qf7 19. a5 Nc8 20. Qb3 b6 21.
axb6 Nxb6 22. Ne4 Nxe4 23. Bxe4 Rec8 24. Qc2 Qh5 25. Bf3 Qf7 26. Re5 g6 27. b4
a6 28. h4 Qe7 29. c5 Nd5 30. Bxd5 cxd5 31. Qe2 Rc6 32. Rxd5 Qf7 33. Rd6 Rxd6
34. Bxd6 Bc6 35. Rxa6 Rxa6 36. Qxa6 Bd5 37. Be5+ Kg8 38. Qc8+ Qf8 39. Qxf8+
Kxf8 40. b5 Ke8 41. Kh2 Bc4 42. b6 Bd5 43. f3 Kf7 44. Kg3 h6 45. Kf4 Bc6 46.
Bc7 Bd5 47. Ke5 Ke7 48. Bb8 Bc6 49. Kf4 Bd5 50. Be5 Kf7 51. g4 h5 52. Kg3 Bc6
53. Kf4 Bd5 54. gxh5 gxh5 55. Kg5 Bxf3 56. b7 Bxb7 57. Kxh5 Be4 58. Kg5 Kg8 59.
Kf6 Bd5 60. Ke7 Kh7 61. Kd6 Kg6 62. c6 Kh5 63. Bf6 Kg6 64. c7 Bb7 65. Kxe6 Bc8+
66. Ke7 1-0

[Event "chaumont/ La Tour du Roi"]
[Site "?"]
[Date "2013.01.13"]
[Round "4"]
[White "Louot, Catherine"]
[Black "Mondeel, Paul"]
[Result "0-1"]
[WhiteElo "1519"]
[BlackElo "1518"]
[PlyCount "86"]
[EventDate "2013.01.13"]
[SourceDate "2013.01.13"]

1. e4 e5 2. Nf3 d6 3. Nc3 Nf6 4. d3 Be7 5. h3 O-O 6. Be3 b6 7. Qd2 Bb7 8. O-O-O
Nbd7 9. g4 Kh8 10. g5 Ng8 11. d4 f5 12. gxf6 Rxf6 13. Bg2 Qf8 14. Nh4 a5 15.
dxe5 Nxe5 16. b3 Rf7 17. Nf5 Rxf5 18. exf5 Bxg2 19. f4 Bxh1 20. Rxh1 Nc6 21.
Qg2 Nb4 22. Ne4 Re8 23. a3 Nd5 24. Bd4 Ndf6 25. Rg1 Nh5 26. Qg4 Ngf6 27. Nxf6
Nxf6 28. Qg5 d5 29. h4 Bxa3+ 30. Kd1 Bc5 31. Bxc5 bxc5 32. h5 h6 33. Qg6 Re7
34. Kc1 Qf7 35. Qg2 Qxh5 36. Qf2 Ne4 37. Qg2 Qf7 38. Rh1 Qf6 39. Kb1 c6 40. Rh3
Nc3+ 41. Kb2 Na4+ 42. Ka3 Qb2+ 43. Kxa4 Qa2# 0-1

[Event "chaumont/ La Tour du Roi"]
[Site "?"]
[Date "2013.01.13"]
[Round "4"]
[White "Lechein, Capucine"]
[Black "Michelin, Frederic"]
[Result "1-0"]
[WhiteElo "1099"]
[BlackElo "1499"]
[PlyCount "73"]
[EventDate "2013.01.13"]
[SourceDate "2013.01.13"]

1. e4 e5 2. Nf3 Nc6 3. Nc3 Nf6 4. d4 d6 5. Bc4 Bd7 6. Be3 Be7 7. O-O O-O 8. Qd2
Rb8 9. Qd3 Nb4 10. Qe2 d5 11. exd5 Bf5 12. Rfc1 Nbxd5 13. Nxd5 Nxd5 14. Bd2 Nf6
15. Qxe5 Bg4 16. Be2 Bd6 17. Qg5 Qd7 18. Re1 h6 19. Qe3 Rfe8 20. Qd3 h5 21. h3
Bf5 22. Qc4 Ne4 23. Be3 Re6 24. d5 Rg6 25. Bf1 Qe7 26. Nd4 Be5 27. Nxf5 Qg5 28.
Bxg5 Rxg5 29. Rxe4 Bxb2 30. Rb1 Bf6 31. Rbe1 Rxf5 32. Qd3 Bh4 33. Rxh4 Rg5 34.
Rhe4 f5 35. Re5 Rd8 36. Qd4 Kh8 37. Qh4 1-0

[Event "N4 E.aubois Epernay"]
[Site "?"]
[Date "2013.01.13"]
[Round "4"]
[White "Hascher, Nicolas"]
[Black "Puech, Armel"]
[Result "0-1"]
[WhiteElo "1949"]
[BlackElo "1785"]
[PlyCount "120"]
[EventDate "2013.01.13"]
[SourceDate "2013.01.13"]

1. d4 d5 2. Nf3 Nc6 3. c4 Bg4 4. Ne5 Nxe5 5. dxe5 dxc4 6. Qa4+ Qd7 7. Qxc4
O-O-O 8. Nc3 Be6 9. Qa4 Qxa4 10. Nxa4 Bd7 11. Nc5 e6 12. Be3 Bc6 13. f3 Ne7 14.
a3 Nf5 15. Bf2 Nd4 16. Rc1 Bxc5 17. Rxc5 Ba4 18. Bh4 Rd5 19. Rxd5 exd5 20. Bf2
Nc6 21. f4 Re8 22. g3 Na5 23. Bg2 Nc4 24. Bd4 Rd8 25. Kf2 b6 26. e3 c5 27. Bc3
Nxe3 28. Kxe3 d4+ 29. Ke2 dxc3 30. bxc3 Kc7 31. Be4 Bc6 32. Ke3 Bxe4 33. Kxe4
Rd2 34. h4 Kd7 35. g4 Ke7 36. h5 Rg2 37. g5 Rg3 38. c4 Rxa3 39. f5 Rg3 40. g6
h6 41. f6+ gxf6 42. exf6+ Ke6 43. Rf1 Rg5 44. g7 a5 45. Kd3 a4 46. Kc3 Rg3+ 47.
Kb2 Ke5 48. Ka2 Ke6 49. Rf3 Rg1 50. Ka3 Ra1+ 51. Kb2 Rg1 52. Ka2 Ke5 53. Rf2
Rg3 54. Kb1 Ke6 55. Kc1 Ke5 56. Kd1 Ke6 57. Rf3 Rg4 58. Ke1 a3 59. Rf4 Rg5 60.
Rf2 a2 0-1

[Event "N4 E.aubois Epernay"]
[Site "?"]
[Date "2013.01.13"]
[Round "?"]
[White "Guyot, Philippe"]
[Black "Defrance, Laurent"]
[Result "1/2-1/2"]
[WhiteElo "1983"]
[BlackElo "2129"]
[PlyCount "57"]
[EventDate "2013.01.13"]
[SourceDate "2013.01.13"]

1. d4 d5 2. Nf3 Nf6 3. e3 e6 4. Bd3 Be7 5. b3 Nbd7 6. Bb2 b6 7. Nbd2 Bb7 8. O-O
Ne4 9. a3 O-O 10. Rc1 Bf6 11. Ne5 Nxd2 12. Qxd2 c5 13. f4 cxd4 14. Nxd7 Qxd7
15. Bxd4 Bxd4 16. exd4 f5 17. g3 Qd6 18. a4 a5 19. Rfe1 Rfe8 20. Re5 Bc6 21.
Rce1 Bd7 22. Kf2 Rac8 23. h3 g6 24. Rh1 Qa3 25. Ree1 Qd6 26. Re5 Qa3 27. Ree1
Qd6 28. Re5 Qa3 29. Ree1 1/2-1/2

[Event "N4 E.aubois Epernay"]
[Site "?"]
[Date "2013.01.13"]
[Round "4"]
[White "Gaubert, Virginie"]
[Black "Moine, Patrick"]
[Result "0-1"]
[WhiteElo "1719"]
[BlackElo "1853"]
[PlyCount "80"]
[EventDate "2013.01.13"]
[SourceDate "2013.01.13"]

1. c4 e6 2. Nc3 d5 3. cxd5 exd5 4. g3 c6 5. Bg2 Nf6 6. Nf3 Bd6 7. O-O O-O 8.
Rb1 Bf5 9. d3 h6 10. b4 a6 11. a4 Nbd7 12. b5 c5 13. Nh4 Bh7 14. Nxd5 Nxd5 15.
Bxd5 Rb8 16. bxa6 bxa6 17. Rxb8 Qxb8 18. a5 Qa7 19. e4 Be5 20. Bd2 Bd4 21. Nf3
Bf6 22. Qc2 Rb8 23. Bf4 Rb2 24. Qc4 Bg6 25. e5 Rb4 26. Qc1 Bd8 27. Bc4 Bxa5 28.
Nh4 Kh7 29. Nxg6 fxg6 30. Re1 Rxc4 31. dxc4 Bxe1 32. Qxe1 Nf8 33. e6 Qe7 34.
Qa5 Nxe6 35. Be3 Qd6 36. Qa4 Qb6 37. Bd2 Qb1+ 38. Kg2 Qe4+ 39. Kg1 Nd4 40. h4
Nf3+ 0-1

[Event "N4 E.aubois Epernay"]
[Site "?"]
[Date "2013.01.13"]
[Round "4"]
[White "Guillaume, Jean-Francois"]
[Black "Tatard, Marie"]
[Result "1-0"]
[WhiteElo "1846"]
[BlackElo "1855"]
[PlyCount "53"]
[EventDate "2013.01.13"]
[SourceDate "2013.01.13"]

1. Nf3 d5 2. g3 Nf6 3. Bg2 g6 4. d3 Bg7 5. O-O O-O 6. Nbd2 c5 7. e4 e6 8. Re1
Nc6 9. c3 d4 10. cxd4 cxd4 11. a3 e5 12. b4 Nh5 13. Nb3 f5 14. Bg5 Qd6 15. exf5
Bxf5 16. b5 Nd8 17. Rc1 Ne6 18. Bd2 Qb8 19. Bb4 Re8 20. h3 Nf6 21. Nxe5 g5 22.
Qf3 Bg6 23. Nxg6 hxg6 24. Qxb7 Qxb7 25. Bxb7 Rad8 26. Bc6 Nd7 27. Ba5 1-0

[Event "N4 E.aubois Epernay"]
[Site "?"]
[Date "2013.01.13"]
[Round "4"]
[White "Marchal, Ludovic"]
[Black "Prost, Catherine"]
[Result "1-0"]
[WhiteElo "1560"]
[BlackElo "1280"]
[PlyCount "37"]
[EventDate "2013.01.13"]
[SourceDate "2013.01.13"]

1. e4 e6 2. d4 d5 3. e5 c5 4. c3 Nc6 5. Nf3 Qb6 6. Bd3 Bd7 7. dxc5 Bxc5 8. O-O
Nge7 9. b4 Nxb4 10. cxb4 Bd4 11. Nxd4 Qxd4 12. Qb3 Qxe5 13. Bb2 Qg5 14. f4 Qh6
15. Nc3 O-O 16. Ne2 Nc6 17. Rf3 a6 18. Rh3 Qxh3 19. gxh3 1-0

[Event "N4 E.aubois Epernay"]
[Site "?"]
[Date "2013.01.13"]
[Round "4"]
[White "Brun, Franck"]
[Black "Vilmin, Jean-Francois"]
[Result "0-1"]
[WhiteElo "1791"]
[BlackElo "1700"]
[PlyCount "104"]
[EventDate "2013.01.13"]
[SourceDate "2013.01.13"]

1. e4 c5 2. Nf3 d6 3. c3 Nf6 4. Bb5+ Bd7 5. Bxd7+ Qxd7 6. d3 Nc6 7. O-O e6 8.
Re1 Qc7 9. d4 cxd4 10. cxd4 d5 11. Nc3 dxe4 12. Nxe4 h6 13. Nxf6+ gxf6 14. d5
Nd8 15. Qa4+ Qd7 16. Qh4 Qxd5 17. Qxf6 Rg8 18. Qh4 Qxf3 19. g3 Qg4 20. Qxg4
Rxg4 21. Be3 a6 22. Rac1 Nc6 23. Bb6 Rb4 24. Be3 Rd8 25. b3 h5 26. f4 Rd3 27.
Kf2 Rb5 28. Rc4 Rbd5 29. Rec1 Kd7 30. h3 Bg7 31. g4 hxg4 32. hxg4 Bd4 33. Bxd4
R3xd4 34. f5 Rxc4 35. fxe6+ Kxe6 36. Rxc4 Rd2+ 37. Ke3 Rxa2 38. Kf4 Rf2+ 39.
Kg5 Rg2 40. Rf4 Rb2 41. Re4+ Ne5 42. Kf4 f6 43. Re3 Rg2 44. Rh3 Rxg4+ 45. Ke3
Rb4 46. Kd2 a5 47. Kc2 Kd5 48. Rh8 f5 49. Re8 b6 50. Rc8 Ke4 51. Rc3 Nf3 52.
Kd1 Nd4 0-1

[Event "N4 E.aubois Epernay"]
[Site "?"]
[Date "2013.01.13"]
[Round "4"]
[White "Leroy, Patrick"]
[Black "Ferrand, Christophe"]
[Result "0-1"]
[WhiteElo "1790"]
[BlackElo "1886"]
[PlyCount "76"]
[EventDate "2013.01.13"]
[SourceDate "2013.01.13"]

1. e4 e6 2. d4 d5 3. e5 c5 4. c3 Nc6 5. Nf3 Nge7 6. Na3 cxd4 7. cxd4 Nf5 8. Nc2
Qb6 9. b3 Bd7 10. Be2 Be7 11. O-O O-O 12. Bb2 f6 13. Bd3 fxe5 14. dxe5 Be8 15.
Bxf5 Rxf5 16. Ncd4 Nxd4 17. Bxd4 Qd8 18. Rc1 Bh5 19. Rc3 b6 20. h3 Rf7 21. Re1
Bb4 22. Ree3 Bxc3 23. Bxc3 Rc8 24. Qd3 Bg6 25. Qd2 Rfc7 26. Nd4 Qd7 27. f3 Rc5
28. Kf2 Kf7 29. g4 Qc7 30. Bb4 Rc1 31. Re2 Qd8 32. Qf4+ Kg8 33. Nxe6 Qh4+ 34.
Kg2 Bd3 35. Rf2 Rh1 36. Qg3 Rg1+ 37. Kxg1 Qxg3+ 38. Rg2 Rc1+ 0-1

[Event "N4 E.aubois Epernay"]
[Site "?"]
[Date "2013.01.13"]
[Round "4"]
[White "Crepaux, Jean-Marie"]
[Black "Catherine, Bertrand"]
[Result "1-0"]
[WhiteElo "1856"]
[BlackElo "1846"]
[PlyCount "85"]
[EventDate "2013.01.13"]
[SourceDate "2013.01.13"]

1. e4 c5 2. Nf3 Nc6 3. d4 cxd4 4. Nxd4 e5 5. Nb5 d6 6. N1c3 a6 7. Na3 b5 8. Nd5
Nge7 9. c4 Nd4 10. cxb5 Nxd5 11. exd5 Qh4 12. bxa6 Be7 13. Bd3 O-O 14. O-O Bxa6
15. Bxa6 Rxa6 16. Be3 Nf5 17. Qd3 Nxe3 18. fxe3 Ra4 19. Nb5 Rb4 20. b3 e4 21.
Qe2 Bf6 22. Rab1 Be5 23. g3 Bxg3 24. Nd4 Be5 25. Nc6 Rb6 26. a4 Ra8 27. a5 Rb7
28. b4 g5 29. b5 g4 30. b6 g3 31. hxg3 Qxg3+ 32. Qg2 Kh8 33. Qxg3 Bxg3 34. Kg2
Bh4 35. Rf4 Bg5 36. Rxe4 h5 37. Rh1 h4 38. Kf3 Kg7 39. Rg1 Kh6 40. Kg4 Rg8 41.
Kf5 Kh5 42. Reg4 f6 43. Re4 1-0

[Event "Bogny / Blagny N4 - 2013"]
[Site "?"]
[Date "2013.01.13"]
[Round "4.1"]
[White "Husson, Christophe"]
[Black "Giorgetti, Cyril"]
[Result "0-1"]
[WhiteElo "1810"]
[BlackElo "1931"]
[PlyCount "79"]
[EventDate "2013.01.13"]
[SourceDate "2013.01.13"]

1. e4 e6 2. d4 d5 3. Nc3 dxe4 4. Nxe4 Nd7 5. Nf3 Ngf6 6. Nxf6+ Nxf6 7. Bd3 Be7
8. O-O O-O 9. c4 b6 10. b3 Bb7 11. Be3 Rc8 12. Rc1 c5 13. Bb1 Bxf3 14. Qxf3
cxd4 15. Rfd1 e5 16. Qf5 Qc7 17. Bg5 g6 18. Qh3 Nh5 19. Bh6 Ng7 20. Be4 Rfd8
21. Bxg7 Kxg7 22. g4 Bg5 23. Rc2 Rh8 24. Rd3 h5 25. Bd5 hxg4 26. Qxg4 Bf4 27.
h3 f5 28. Qg2 Rh5 29. Kf1 Rg5 30. Qh1 Rh8 31. Bg2 Qd6 32. Bd5 Rgh5 33. Kg2 Qc5
34. Re2 e4 35. Bxe4 fxe4 36. Rxe4 Qg5+ 37. Kf1 Be5 38. Re1 Rf8 39. Qb7+ Rf7 40.
Rf3 0-1